Creative teaching : industrial arts and vocational education.

Saved in:
Bibliographic Details
Main Author: Struck, F. Theodore
Format: Book
Language:English
Published: N.Y. : Wiley, 1938.
Subjects:
LEADER 00862nam a22002411 4500
001 c000370340
003 CARM
005 00000000000000.0
008 851211s1938 nyu 0 eng d
019 1 |a 23953060  |z 4179340  |5 LACONCORD2021 
035 |a (OCoLC)1492072  |5 LACONCORD2021 
100 1 |a Struck, F. Theodore. 
245 1 0 |a Creative teaching :  |b industrial arts and vocational education. 
260 |a N.Y. :  |b Wiley,  |c 1938. 
500 |a 1956 reprint. 
650 0 |a Teaching. 
650 0 |a Technical education. 
650 0 |a Industrial arts  |x Study and teaching. 
650 0 |a Vocational education. 
852 8 |b CARM  |h A1:AN09B0  |i B08498  |p 0408439  |f BK 
082 0 4 |a 371.426 
999 f f |i b564702c-a992-52c3-8db6-53c8e7d518bc  |s d47f3148-077f-5e2b-b525-e123fb01e882 
952 f f |p Can circulate  |a CAVAL  |b CAVAL  |c CAVAL  |d CARM 1 Store  |e B08498  |f A1:AN09B0  |h Other scheme  |i book  |m 0408439